Perspectives de l'economie mondiale, avril 2010 : Reequilibrer la croissance.

La reprise de l'economie mondiale a evolue mieux que prevu, mais l'activite se redresse a des rythmes differents, comme le souligne l'edition d'avril 2010 des Perspectives de l'economie mondiale. Certains pays sont bien partis, notamment en Asie, mais dans d'autres, la...

Disgrifiad llawn

Manylion Llyfryddiaeth
Awdur Corfforaethol: International Monetary Fund. Research Dept
Fformat: Cylchgrawn
Iaith:English
Cyhoeddwyd: Washington, D.C. : International Monetary Fund, 2010.
Cyfres:World Economic Outlook; World Economic Outlook ; No. 2010/001
Mynediad Ar-lein:Full text available on IMF
LEADER 02315cas a2200253 a 4500
001 AALejournalIMF011030
008 230101c9999 xx r poo 0 0eng d
020 |c 50.00 USD 
020 |z 9781589069565 
022 |a 1020-1343 
040 |a BD-DhAAL  |c BD-DhAAL 
110 2 |a International Monetary Fund.  |b Research Dept. 
240 1 0 |a Perspectives de l'economie mondiale, avril 2010: Reequilibrer la croissance.  |l French 
245 1 0 |a Perspectives de l'economie mondiale, avril 2010 :   |b Reequilibrer la croissance. 
264 1 |a Washington, D.C. :  |b International Monetary Fund,  |c 2010. 
300 |a 1 online resource (212 pages) 
490 1 |a World Economic Outlook 
500 |a <strong>Off-Campus Access:</strong> No User ID or Password Required 
500 |a <strong>On-Campus Access:</strong> No User ID or Password Required 
506 |a Electronic access restricted to authorized BRAC University faculty, staff and students 
520 3 |a La reprise de l'economie mondiale a evolue mieux que prevu, mais l'activite se redresse a des rythmes differents, comme le souligne l'edition d'avril 2010 des Perspectives de l'economie mondiale. Certains pays sont bien partis, notamment en Asie, mais dans d'autres, la croissance est entravee par les dommages durables causes au secteur financier et au portefeuille des menages. Les dirigeants ont pour tache de veiller a une transition en douceur de la demande, tout en preservant les elements favorables a la croissance et l'emploi. Il est egalement necessaire de maitriser et de reduire la dette publique, ainsi que de reparer et de reformer le secteur financier. Cette edition des Perspectives de l'economie mondiale se penche egalement sur deux grands defis au lendemain de la grande recession : comment stimuler la creation d'emplois dans les pays avances qui presentent un taux de chomage eleve, probablement persistant, et comment les pays qui presentaient deja un important excedent ou deficit du compte courant peuvent-ils promouvoir la croissance en equilibrant la demande exterieure et interieure ? 
538 |a Mode of access: Internet 
830 0 |a World Economic Outlook; World Economic Outlook ;  |v No. 2010/001 
856 4 0 |z Full text available on IMF  |u http://elibrary.imf.org/view/books/081/10502-9781589069565-fr/10502-9781589069565-fr-book.xml  |z IMF e-Library